Nuestra fe: conferencias predicadas para solos hombres en las misiones

Guardat en:
Dades bibliogràfiques
Format: Llibre
Idioma:espanyol
Publicat: Barcelona Librería Religiosa 1916
Matèries:
Etiquetes: Afegir etiqueta
Sense etiquetes, Sigues el primer a etiquetar aquest registre!

MARC

LEADER 00000cam a2200000 a 4500
001 UCD1150
003 CL-VaPUC
008 160107e19160000sp |||||||||||||||||spa|d
082 0 4 |a 281  |b RUI  |2 21 
245 1 0 |a Nuestra fe: conferencias predicadas para solos hombres en las misiones 
300 |a 512 p 
942 |c BK 
945 |d 20160107 17:53:00  |a gsalatino 
260 |a Barcelona  |b Librería Religiosa  |c 1916 
650 0 |a Fe  |9 308036 
650 7 |a HOMBRE  |2 CL-VaPUC  |9 262149 
650 0 |a Espiritualidad   |9 267331 
650 0 |a Creencia  |9 334586 
583 |a last modification  |c 20160107 17:53:00  |k Rodrigo Vera 
999 |c 362564  |d 362562 
952 |0 0  |1 0  |3 erd  |4 0  |6 281_000000000000000_RUI_1916  |7 0  |8 P  |9 473868  |a BIBTEO  |b BIBTES  |c TEO_FTES  |i 5276063  |o 281 RUI 1916  |p 5276063  |r 2024-01-18  |w 2019-11-24  |y BK  |z Catalogado en:20160107  |k ICR